000 01308cam a2200325 i 4500
999 _c26313
_d26313
001 26313
003 Mx-PuUPA
005 20191008155445.0
008 140415s2015 gw r 000 0 ger d
020 _a9783451273834
040 _aMx-PuUPA
_bspa
_cMx-PuUPA
_dMx-PuUPA
_erda
041 _ager
245 0 0 _aEdith Stein.
_n13.
_pDie frau : fragestellungen und reflexionen /
_cintroducción por Sophie Binggeli ; editado por Maria Amata Neyer ; Hanna-Barbara Gerl-Falkovitz, colaborador ; Internationales Edith Stein Institut
246 3 1 _aEdith Stein Gesamtausgabe. ESGA
250 _a5., erneut durchgesehene auflage
264 4 _aFreiburg im breisgau :
_bVerlag Herder GmbH,
_c2015
300 _axxiii, 256 páginas ;
_c22 cm.
336 _2rdacontent
_atexto
_btxt
337 _2rdamedia
_asin medio
_bn
338 _2rdacarrier
_avolumen
_bnc
490 0 _aC. Schriften zu anthropologie und pädagogik ;
_v1
600 1 4 _aEdith Stein, -- Santa,
_d1891-1942
_xEducación de las mujeres
700 1 _aBinggeli, Sophie,
_ecolaborador
700 1 _aAmata Neyer, Maria,
_eeditor
700 1 _aGerl-Falkovitz, Hanna-Barbara,
_ecolaborador
710 2 _aInternationales Edith Stein Institut
942 _2ddc
_cLI
_h271.971022
_iE234